| 000 | 01144nam a22002657a 4500 | ||
|---|---|---|---|
| 005 | 20240530110438.0 | ||
| 008 | 150326s2011 su bod f b 000 0 ara d | ||
| 017 |
_a1432/3792 _bالسعودية . مكتبة الملك فهد |
||
| 020 | _a9786035031509 | ||
| 040 | _aEG-CaGPL | ||
| 082 | 0 | 4 |
_221 _a953.03\ _bس أ |
| 100 | 0 | _aسامى بن عبدالله بن احمد المغلوث | |
| 245 | 1 | 0 |
_aاطلس تاريخ الدولة الاموية / _cتاليف وتصميم سامى بن عبدالله بن احمد المغلوث |
| 250 | _aالاولى | ||
| 260 |
_aالرياض : _bالعبيكان للنشر ، _c2011 . |
||
| 300 |
_a344 ص : _bايض ؛ _c28 سم |
||
| 504 | _aيشتمل على ارجاعات ببليوجرافية | ||
| 650 | 0 | 4 |
_aالدولة الاموية _yعصر الازدهار |
| 650 | 0 | 4 |
_aالدولة الاموية _xتاريخ |
| 650 | 0 | 4 |
_aالتاريخ الالسلامى _yعصر صدر الاسلام |
| 650 | 0 | 4 | _aالعرب والفرس |
| 651 | 0 | 4 |
_aالعالم العربى _xتاريخ _yالعصر الاموى |
| 942 |
_2ddc _cBK |
||
| 999 |
_c60988 _d60988 |
||